000 00397nam a2200157Ia 4500
003 0
005 20260121161944.0
008 180315s9999 xx 000 0 und d
020 _a9780071282765
100 _aWise, Eric
245 _cEric Wise
_aAnatomy & physiology :
_blaboratory manual /
250 _a8th ed.
260 _aNY :
_bMcGrawHill
_c2009
300 _ax, 550 pages
942 _2lcc
_cBK
999 _c356338
_d356338